000 00630mm a2200217a 44500
001 NM030192
003 RG CODE MARC
008 25020s2002 ||||||||||||||000 | spa||
005 20251028183346.0
020 _a0-311-40057-4
040 _aORG CODE MARC
100 _aCanclini, Arnoldo
_938
245 _aJunto a Jesús cada día
_cArnoldo Canclini , editado por Juan Carlos Cevallos, y Hermes Soto
250 _a1ª ed.
260 _aEl Paso, Tex.
_bMundo Hispano
300 _aca. 400 p.
_bil. ; 16 cm.
653 _aDEVOCIONALES
700 _aCevallos, Juan Carlos
_914061
700 _aSoto, Hermes
_941024
942 _cBK
999 _c29499
_d29499